| 000 | 00496nam a22001937a 4500 | ||
|---|---|---|---|
| 005 | 20240422121835.0 | ||
| 008 | 240422b |||||||| |||| 00| 0 eng d | ||
| 020 | _a9781444137637 | ||
| 082 |
_a615 _bCUS-E |
||
| 100 | _aCuschieri Alfred | ||
| 245 | _aEssential Surgical Practic/ | ||
| 250 | _a5th ed. | ||
| 260 |
_aUSA: _btayler frances; _c2015. |
||
| 300 |
_aviii,1064p. _bill: _c27cm. |
||
| 500 | _ainclude index. | ||
| 650 | _aMedical / Surgery | ||
| 700 | _aGeorge Hanna B | ||
| 999 |
_c35559 _d35559 |
||